LEADER 00933nam 2200337 450 001 9910155664903321 005 20230807213100.0 010 $a1-77667-335-2 035 $a(CKB)3710000000976887 035 $a(MiAaPQ)EBC4771507 035 $a(EXLCZ)993710000000976887 100 $a20170106h20152015 uy| 1 101 0 $aeng 135 $aurcnu|||||||| 181 $2rdacontent 182 $2rdamedia 183 $2rdacarrier 200 14$aThe clammer and the submarine /$fWilliam John Hopkins 210 1$a[Auckland] :$cThe Floating Press,$d[2015] 210 4$dİ2015 215 $a1 online resource (158 pages) 606 $aSubmarines (Ships)$vFiction 615 0$aSubmarines (Ships) 700 $aHopkins$b William John$0819249 801 0$bMiAaPQ 801 1$bMiAaPQ 801 2$bMiAaPQ 906 $aBOOK 912 $a9910155664903321 996 $aThe clammer and the submarine$92591795 997 $aUNINA